000 00422nam a2200169Ia 4500
003 GCL
008 140319s9999 xx 000 0 eng d
040 _aGCL /
_cGCL
082 0 4 _a643.52
_bF B
100 1 _aFRECHETTE, LEONA
245 1 0 _aBATHROOM REMODELING /
_cFRECHETTE, LEONA
260 _a[S.N] :
_bTAB BOOKS ،
_c1993
300 _a272P
650 0 4 _aHOUING
650 0 4 _aBATHROOM - REMODELING
942 _2ddc
_cBK
999 _c11376
_d11376